Loading...

Folklore genres /

Bibliographic Details
Other Authors: Ben-Amos, Dan
Format: Printed Book
Language:English
Published: Austin : University of Texas Press, c1976.
Subjects:
LEADER 01834cam a2200289 i 4500
008 750530r19761969txuaf b 001 0 eng
010 |a  75017698  
020 |a 0292724373  |c ` 
082 0 0 |a 398 
245 0 0 |a Folklore genres /  |c edited by Dan Ben-Amos. 
260 |a Austin :  |b University of Texas Press,  |c c1976. 
300 |a xlv, 291 p., [8] leaves of plates :  |b ill. ;  |c 24 cm. 
500 |a Originally published in Genre, 1969 and 1971. 
500 |a Includes index. 
504 |a Bibliography: p. [247]-282. 
505 0 |a Literary and linguistic analysis of folklore genres: Utley, F. L. Oral genres as a bridge to written literature. Lüthi, M. Aspects of the Märchen and the legend. Bynum, D. E. The generic nature of oral epic poetry. Oster, H. The blues as a genre. Scott, C. T. On defining the riddle.--The ethnography of folklore genres: Dégh, L. and Vázsonyi, A. Legend and belief. Seitel, P. Proverbs; a social use of metaphor. Toelken, B. The "pretty languages" of Yellowman; genre, mode, and texture in Navaho Coyote narratives. Hrdličková, V. Japanese professional storytellers.--The classification of folklore genres: Abrahams, R. D. The complex relations of simple forms. Ben-Amos, D. Analytical categories and ethnic genres. 
650 0 |a Folklore  |x Methodology. 
650 0 |a Literary form. 
650 0 |a Folklore  |x Classification. 
650 0 |a Folk literature  |x History and criticism. 
700 2 |a Ben-Amos, Dan. 
942 |c REF 
730 |a Genre. 
906 |a 7  |b cbc  |c orignew  |d 1  |e ocip  |f 19  |g y-gencatlg 
999 |c 284602  |d 284602 
952 |0 0  |1 0  |4 0  |6 398_000000000000000_FOL  |7 0  |9 322876  |a FLK  |b FLK  |c REF  |d 2016-03-15  |i 1502  |l 0  |o 398 FOL  |p FLK1502  |r 2016-03-15  |w 2016-03-15  |y REF 
952 |0 0  |1 0  |2 ddc  |4 0  |6 398_000000000000000_FOL1  |7 0  |9 322877  |a FLK  |b FLK  |c REF  |d 2017-01-27  |i 1970  |l 0  |o 398 FOL,1  |p FLK1970  |r 2017-01-27  |y REF